000 01142nam a2200301 i 4500
001 197650
003 ES-MaACL
005 20250824063103.0
008 250513b2025 sp ||||| |||| 00| 0 spa d
017 _aB 7540-2025
_bOficina Depósito Legal Barcelona
020 _a9791399022704
040 _bspa
_cES-MaACL
100 1 _aPascual i Montañés, Cinta
_9241038
_eaut
245 _aCovid 19 :
_bla verdad silenciada /
_cCintia Pascual i Montañés.
250 _aPrimera edición en esta colección: junio de 2025
260 _aBarcelona :
_bLimícola edicions,
_c2025.
300 _a103 páginas ;
_c22 cm
336 _2rdacontent
_atexto
337 _2rdamedia
_asin mediación
338 _2rdacarrier
_avolumen
650 7 _2embne
_9234548
_aPandemia de la Covid-19, 2020-
650 7 _9136851
_aSanidad
852 _aES-MaACL
_cDEPOJ
_jN-10542
_xEncuadernación rústica
_9206665
_hDonación: Editorial
942 _cMONOGRAFIA
_n0
999 _c197650
_d197650